NBA players with the biggest hands. - Statistics

General Stats
  • This quiz has been taken 17 times
  • The average score is 4 of 15
Answer Stats
Hand size Answer % Correct
9.75 inches kawhi leonard
93%
9.75 inches michael jordan
67%
10.25 inches shaq
67%
9.5 inches wilt chamberlain
53%
9.85 inches giannis
47%
11 inches boban
27%
9.5 inches julius erving
20%
10 inches connie hawkins
0%
9.75 inches elgin baylor
0%
9.8 inches gregory smith
0%
9.5 inches jahlil okafor
0%
9.75 inches noah vonleh
0%
9.5 inches rajon rondo
0%
9.5 inches royce white
0%
9.25 inches wayne embry
0%
No matching quizzes found
Score Distribution
Percent of People with Each Score
Percentile by Number Answered
Your Score History
You have not taken this quiz